| 000 | 00626nam a2200205Ii 4500 | ||
|---|---|---|---|
| 003 | JO-AjNU | ||
| 008 | 230605s9999||||xx |||||||||||||| ||und|| | ||
| 040 |
_aJO-AjNU _bara _erda _cJO-AjNU |
||
| 041 | _aara | ||
| 050 | 1 | 4 | _aAC106.G4265.1985 |
| 100 | 3 |
_aالغزالي،محمد, _eauthor _919705 |
|
| 245 | 0 | 0 | _aحصاد الغرور |
| 250 | _aط1 | ||
| 264 | 3 | 1 | _aدمشق:دار القلم للطباعة والنشر والتوزيع ،1985 |
| 300 | _a278ص | ||
| 336 |
_atext _btxt _2rdacontent |
||
| 337 |
_aunmediated _bn _2rdamedia |
||
| 338 |
_avolume _bnc _2rdacarrier |
||
| 650 | 4 |
_aمقالات عامة _919706 |
|
| 999 |
_aA6550 _c10118 _d10118 |
||